Natural rubber latex-based nanocomposites with layered silicates (Record no. 63577)
[ view plain ]
| 000 -LEADER | |
|---|---|
| fixed length control field | 01527nam a2200241Ia 4500 |
| 100 ## - MAIN ENTRY--AUTHOR NAME | |
| Personal name | Mathew Shera |
| 245 #0 - TITLE STATEMENT | |
| Title | Natural rubber latex-based nanocomposites with layered silicates |
| 260 ## - PUBLICATION, DISTRIBUTION, ETC. (IMPRINT) | |
| Name of publisher | Journal of Rubber Research |
| Year of publication | 2005 |
| 300 ## - PHYSICAL DESCRIPTION | |
| Number of Pages | 15-Jan |
| 520 ## - SUMMARY, ETC. | |
| Summary, etc | Sulphur prevulcanised natural rubber latex (PVNRL) nanocomposite was produced by mixing dispersions of layered silicates with prevulcanised latex. In this study layered silicates such as bentonite (natural) and fluorohectorite (synthetic) were used in addition to a non-layered amorphous filler (English Indian clay) as reference material. After compounding the layered silicate dispersions with PVNRL, films were prepared by casting. The vulcanised films of PVNRL nanocomposites were subjected to mechanical, swelling, X-ray diffraction and transmission electron microscopic studies. In all respects, layered silicate nanocomposites registered superior properties compared to the reference material. This was explained to be due to the intercalation/exfoliation of the silicate layers by natural rubber. It was found that the fine silicate layers formed a skeleton network structure (house of cards) in the vulcanisate. |
| 650 ## - SUBJECT ADDED ENTRY--TOPICAL TERM | |
| Topical Term | Bentonite |
| 650 ## - SUBJECT ADDED ENTRY--TOPICAL TERM | |
| Topical Term | Clay |
| 650 ## - SUBJECT ADDED ENTRY--TOPICAL TERM | |
| Topical Term | Fluorohectorite |
| 650 ## - SUBJECT ADDED ENTRY--TOPICAL TERM | |
| Topical Term | Latex |
| 650 ## - SUBJECT ADDED ENTRY--TOPICAL TERM | |
| Topical Term | Layered silicates |
| 650 ## - SUBJECT ADDED ENTRY--TOPICAL TERM | |
| Topical Term | Nanocomposites |
| 650 ## - SUBJECT ADDED ENTRY--TOPICAL TERM | |
| Topical Term | Natural rubber |
| 650 ## - SUBJECT ADDED ENTRY--TOPICAL TERM | |
| Topical Term | Prevulcanisation |
| 650 ## - SUBJECT ADDED ENTRY--TOPICAL TERM | |
| Topical Term | Sulphur |
| 700 ## - ADDED ENTRY--PERSONAL NAME | |
| Personal name | Varghese S |
| 942 ## - ADDED ENTRY ELEMENTS (KOHA) | |
| Koha item type | Journals |
| Withdrawn status | Lost status | Damaged status | Not for loan | Home library | Current library | Shelving location | Date acquired | Serial Enumeration / chronology | Koha item type |
|---|---|---|---|---|---|---|---|---|---|
| Journals | RRII Library | RRII Library | Rubber chemistry | 17/12/2021 | Volume 8, Issue 1 | Journals |